Volkskörperforschung

Titel: Volkskörperforschung / Johann Bredt
Verfasser:
Veröffentlicht: Breslau : Hirt, 1930
Umfang: 54 S.
Format: Buch
Sprache: Deutsch
RVK-Notation:
Kein Bild verfügbar
X
Lokale Klassifikation: 3 3 A
alg: 18409478
001A    $00004:01-02-07 
001B    $01999:26-05-23 $t22:16:16.000 
001C    $00004:01-02-07 $t09:00:44.000 
001D    $00004:01-02-07 
001U    $0utf8 
001X    $00 
002@    $0Aar 
003@    $018409478X 
003O    $006229493 $aOCoLC 
007A    $018409478X $aHEB 
007T    $0Herdhh18409478X 
010@    $ager 
011@    $a1930 
021A    $aVolkskörperforschung $hJohann Bredt 
028A    $D20220215 $Ecgwrk $7102819272X $8Bredt, Johann$Z1873-1936 [Tp3] $9313394512 
033A    $pBreslau $nHirt 
034D    $a54 S. 
045F    $a304.60943 $eDDC23BSB 
045F/01 $a304.609 
045F/03 $g43 
045Z    $8BO 1490 [Tkv] $9407465960 

lok: 18409478 8

exp: 18409478 8 1 #EPN
201B/01 $015-10-19 $t06:22:25.000 
201C/01 $015-10-19 
201U/01 $0utf8 
203@/01 $01064006108 
206V/01 $0//resolver.hebis.de/retro/original/d1210681 $2https 
208@/01 $a15-10-19 $br 
209A/01 $a46/4352 $du $f000 $x00 
209B/01 $a34 $x05 
247C/01 $8611000-9 <17>Darmstadt, TU Darmstadt, Universitäts- und Landesbibliothek - Stadtmitte $9102595879 

lok: 18409478 24
101B    $010-06-08 $t16:59:05.000 
101C    $010-06-08 
101U    $0utf8 
145Z/01 $a3 3 A 

exp: 18409478 24 1 #EPN
201B/01 $010-06-08 $t16:59:05.000 
201C/01 $010-06-08 
201U/01 $0utf8 
203@/01 $0545018277 
208@/01 $a10-06-08 $br 
209A/01 $a3 III A 2 $du $f050 $h3 3 A 2 $x00 
209C/01 $a234 G 1950 $h50 0234 G 
209G/01 $a72137779 $x00 
220C/01 $ash 
247C/01 $8358050-7 Marburg, Bibliothek des Herder-Instituts Marburg $9102600961 

lok: 18409478 78

exp: 18409478 78 1 #EPN
201B/01 $019-04-17 $t20:39:08.000 
201U/01 $0utf8 
203@/01 $0793286441 
208@/01 $a12-11-16 $be 
209A/01 $a/ $f000 $x00 
237A/01 $aweiterführende Signatur(en): Herder-Institut: 3 III A 2 
244Z/01 $2Trx $8--Trx--Monographie $x01 $9391384546 
245Z/01 $a08.01 $x01 
247C/01 $82080>Marburg/Lahn, Herder-Institut, Forschungsbibliothek, Bibliographieportal $9336309341 

lok: 18409478 205

exp: 18409478 205 1 #EPN
201B/01 $001-02-07 $t09:00:44.000 
201C/01 $001-02-07 
201U/01 $0utf8 
203@/01 $0500520992 
208@/01 $a01-02-07 $br 
209A/01 $aH 63/3837 $du $f000 $x00 
209B/01 $a98 $x05 
209G/01 $a50433684 $x00 
247C/01 $8351000-1 <4>Marburg, Universität Marburg, Universitätsbibliothek $9102594767
LEADER 00000cam a22000002c 4500
001 18409478X
003 DE-603
005 20230526221616.0
007 tu
008 070201s1930 xx |||| | u00||u|ger c
035 |a (DE-599)HEB18409478X 
035 |a (OCoLC)06229493 
040 |a DE-603  |b ger  |c DE-603  |d DE-603 
041 |a ger 
082 0 4 |8 1\u  |a 304.60943  |q DE-101  |2 23/BSB 
084 |a BO 1490  |0 (DE-625)13992:  |0 (DE-603)407465960  |2 rvk 
085 |8 1\u  |b 304.609 
085 |8 1\u  |z 2  |s 43 
100 1 |a Bredt, Johann  |d 1873-1936  |0 (DE-603)313394512  |0 (DE-588)102819272X  |2 gnd 
245 0 0 |a Volkskörperforschung  |c Johann Bredt 
264 1 |a Breslau  |b Hirt  |c 1930 
300 |a 54 S. 
924 0 |9 17  |a (DE-603)1064006108  |b DE-17  |c HES  |d c  |g 46/4352 
924 0 |9 Mb 50  |a (DE-603)545018277  |b DE-Mb50  |c HES  |d c  |g 3 III A 2 
924 0 |9 2080  |a (DE-603)793286441  |b DE-2080  |c HES  |d d  |g / 
924 0 |9 4  |a (DE-603)500520992  |b DE-4  |c HES  |d c  |g H 63/3837